Principles of invertebrate paleontology / (Record no. 10687)

MARC details
000 -LEADER
fixed length control field 00718cam a22002411 4500
001 - CONTROL NUMBER
control field BD-DhSAU 10687
003 - CONTROL NUMBER IDENTIFIER
control field BD-DhSAU
005 - DATE AND TIME OF LATEST TRANSACTION
control field 20150717115909.0
008 - FIXED-LENGTH DATA ELEMENTS--GENERAL INFORMATION
fixed length control field 790516s1953 nyua 001 0 eng
040 ## - CATALOGING SOURCE
Original cataloging agency BD-DhSAU
082 00 - DEWEY DECIMAL CLASSIFICATION NUMBER
Classification number 562
Edition number 22
Item number SHP
100 1# - MAIN ENTRY--PERSONAL NAME
Personal name Shrock, Robert R.
245 00 - TITLE STATEMENT
Title Principles of invertebrate paleontology /
Statement of responsibility, etc. Robert R. Shrock and William H. Twenhofel.
250 ## - EDITION STATEMENT
Edition statement 2d ed.
260 ## - PUBLICATION, DISTRIBUTION, ETC. (IMPRINT)
Place of publication, distribution, etc. New York :
Name of publisher, distributor, etc. McGraw-Hill,
Date of publication, distribution, etc. c1953.
300 ## - PHYSICAL DESCRIPTION
Extent 816 p. :
Other physical details ill. ;
Dimensions 24 cm.
504 ## - BIBLIOGRAPHY, ETC. NOTE
Bibliography, etc Includes bibliographical references & index.
590 ## - Name of Cataloguer
Name of Cataloger Jerin
650 #0 - SUBJECT ADDED ENTRY--TOPICAL TERM
Topical term or geographic name as entry element Invertebrates, Fossil.
700 ## - ADDED ENTRY--PERSONAL NAME
Personal name Twenhofel, William H.
740 0# - ADDED ENTRY--UNCONTROLLED RELATED/ANALYTICAL TITLE
Uncontrolled related/analytical title Invertebrate paleontology.
942 ## - ADDED ENTRY ELEMENTS (KOHA)
Source of classification or shelving scheme Dewey Decimal Classification
Koha item type Book
Holdings
Withdrawn status Lost status Source of classification or shelving scheme Damaged status Not for loan Collection code Home library Branch Name Shelving location Date acquired Total Checkouts Full call number Barcode Date last seen Price effective from Koha item type
    Dewey Decimal Classification   Not For Loan Reference SAU Library SAU Library Reference 04/10/1978   562 SHP 1260x 17/07/2015 17/07/2015 Book